Guía del arte hoy /

Segunda edición actualizada del texto sobre las características de la recepción del arte, hoye día, momento en que se está redefiniendo el público del mercado cultural. Esta es una recepción que, de acuerdo con la autora, mediada frecuentemente por la crítica correspondiente.

Gorde:
Xehetasun bibliografikoak
Egile nagusia: Villa Ardura, Rocío de la (autor)
Formatua: Liburua
Hizkuntza:gaztelania
Argitaratua: Madrid, España : Tecnos, 2003, c2003
Edizioa:2a edición
Saila:(Metrópolis)
Gaiak:
Etiketak: Etiketa erantsi
Etiketarik gabe, Izan zaitez lehena erregistro honi etiketa jartzen!

MARC

LEADER 00000nam^a2200000^a^4500
001 000150888
005 20250521000000.0
009 20260310100150.299
020 |a 84-309-3930-X 
037 |a Acervo ITESO - Biblioteca 
041 |a ESP 
082 |a 701. 18  |b VIL 
100 |a Villa Ardura, Rocío de la  |e (autor) 
245 1 0 |a Guía del arte hoy /  |c R. de la Villa Ardura. 
250 |a 2a edición 
264 4 |a Madrid, España :  |b Tecnos,  |c 2003, c2003 
300 |a 380 p. 
336 |a texto  |b txt  |2 rdacontenido 
337 |a sin mediación  |b n  |2 rdamedio 
338 |a volumen  |b nc  |2 rdasoporte 
440 1 |a (Metrópolis) 
520 |a Segunda edición actualizada del texto sobre las características de la recepción del arte, hoye día, momento en que se está redefiniendo el público del mercado cultural. Esta es una recepción que, de acuerdo con la autora, mediada frecuentemente por la crítica correspondiente. 
649 |a XX 
650 |a Artistas -  |x Directorios 
650 |a Museos y Galerías -  |x Directorios 
650 |a Centros Culturales -  |x Directorios 
650 |a Museos -  |x Directorios 
650 |a Instituciones de Difusión de la Cultura -  |x Directorios 
650 |a Patrimonio Artístico 
650 |a Subastas 
650 |a Ventas 
650 |a Mercadotecnia 
650 |a Consumo y Oferta Cultural 
650 |a Visitantes de Museos 
650 |a Mediación de la Comunicación 
650 |a Arte Digital 
650 |a Arte Moderno -  |x Historia y Crítica 
650 |a Arte -  |x Exposiciones 
650 |a Política Cultural 
650 |a Recepción y Apreciación del Arte 
650 |a Arte y Sociedad 
650 |a Arte 
910 |a Fondo General 
920 |a Impresos - Libros 
930 |a Colección General 
905 |a 101 
901 |a 0500080313  |b IT1  |c ACC  |u 20250521 
902 |a https://opac.biblio.iteso.mx/vufind/Record/000150888